[Event "20th Mikhail Chigorin Memorial"]
[Site "Sochi URS"]
[Date "1986.??.??"]
[Round "11"]
[White "Sveshnikov, Evgeny"]
[Black "Ionescu, Constantin"]
[WhiteElo "2535"]
[BlackElo "2495"]
[Result "0-1"]
[EventDate "1986.09.05"]
[PlyCount "82"]

1. e4 e5 2. Nf3 d6 3. d4 Nf6 4. Nc3 Nbd7 5. g3 Be7 6. Bg2 O-O 7. O-O c6 8. a4 a5 9. Re1 Re8 10. b3 Qc7 11. Bb2 Bf8 12. Qd2 Nb8 13. h3 Na6 14. Nh4 Nb4 15. Ne2 g6 16. Rad1 Rb8 17. f4 exf4 18. Nxf4 Bg7 19. c3 Na6 20. c4 Qb6 21. c5 dxc5 22. e5 Nd5 23. Nxd5 cxd5 24. Qf2 Qxb3 25. dxc5 Nb4 26. Bd4 Be6 27. g4 Nc2 28. Nf5 Bxf5 29. gxf5 Nxd4 30. f6 Ne2+ 31. Qxe2 Bxf6 32. Rxd5 Qxa4 33. Qf3 Rxe5 34. Rdxe5 Bxe5 35. Re4 Qa1+ 36. Bf1 Rd8 37. Kg2 Rd2+ 38. Be2 Bd4 39. h4 Bxc5 40. Qf4 Qg1+ 41. Kh3 Qh1+ 0-1

[Event "20th Mikhail Chigorin Memorial"]
[Site "Sochi URS"]
[Date "1986.??.??"]
[Round "12"]
[White "Hodgson, Julian"]
[Black "Meduna, Eduard"]
[WhiteElo "2500"]
[BlackElo "2485"]
[Result "1/2-1/2"]
[EventDate "1986.09.05"]
[PlyCount "63"]

1. e4 c5 2. f4 Nc6 3. Nf3 g6 4. Bb5 Bg7 5. Bxc6 dxc6 6. d3 Nf6 7. O-O O-O 8. Nc3 Ne8 9. Qe1 Bg4 10. Nd2 Bd7 11. Qh4 f5 12. e5 Nc7 13. Nf3 Be6 14. Be3 b6 15. Rad1 Bd5 16. Ne1 Qe8 17. b3 Rd8 18. Ne2 Kh8 19. c4 Bg8 20. Nf3 Rd7 21. Rd2 Qc8 22. Rfd1 Rfd8 23. d4 cxd4 24. Nexd4 Ne6 25. Nxe6 Rxd2 26. Rxd2 Rxd2 27. Bxd2 Qxe6 28. h3 Qd7 29. Kh2 b5 30. Bb4 Bf8 31. Ng5 h6 32. cxb5 1/2-1/2

[Event "20th Mikhail Chigorin Memorial"]
[Site "Sochi URS"]
[Date "1986.??.??"]
[Round "12"]
[White "Chernin, Alexander"]
[Black "Geller, Efim"]
[WhiteElo "2565"]
[BlackElo "2490"]
[Result "1/2-1/2"]
[EventDate "1986.09.05"]
[PlyCount "33"]

1. d4 Nf6 2. c4 e6 3. Nc3 Bb4 4. e3 O-O 5. Bd3 c5 6. Nge2 d5 7. cxd5 cxd4 8. exd4 Nxd5 9. O-O Nc6 10. Qc2 h6 11. Rd1 Bd6 12. a3 Bd7 13. Nxd5 exd5 14. Bf4 Bg4 15. Bxd6 Qxd6 16. Qc5 Qf6 17. h3 1/2-1/2

[Event "20th Mikhail Chigorin Memorial"]
[Site "Sochi URS"]
[Date "1986.??.??"]
[Round "12"]
[White "Ionescu, Constantin"]
[Black "Razuvaev, Yuri"]
[WhiteElo "2495"]
[BlackElo "2535"]
[Result "1/2-1/2"]
[EventDate "1986.09.05"]
[PlyCount "97"]

1. Nf3 Nf6 2. g3 d5 3. Bg2 g6 4. O-O Bg7 5. c4 O-O 6. cxd5 Nxd5 7. Nc3 Nb6 8. d3 Nc6 9. Be3 h6 10. Qc1 Kh7 11. Rd1 Bf5 12. a4 a5 13. Nb5 Nd5 14. Bc5 Ndb4 15. h3 Be6 16. Ra3 b6 17. Be3 Qd7 18. Kh2 Rac8 19. Bd2 f6 20. Qb1 Bf7 21. e4 Nd8 22. Be3 Nb7 23. d4 c6 24. Nc3 Nd6 25. b3 g5 26. Nd2 Bg6 27. Nc4 Nxc4 28. bxc4 f5 29. exf5 Bxf5 30. Be4 Kh8 31. Bxf5 Rxf5 32. Qe4 Rcf8 33. Rd2 Qe8 34. d5 Re5 35. Qb1 cxd5 36. Nxd5 Nxd5 37. cxd5 Qd7 38. Qxb6 Rxd5 39. Rxd5 Qxd5 40. Qb5 Rd8 41. Qxd5 Rxd5 42. Rb3 Kg8 43. Kg2 Kf7 44. Kf3 Rd1 45. Rb5 Bc3 46. Rc5 Bb4 47. Rc1 Rd3 48. Kg4 Bd6 49. h4 1/2-1/2

[Event "20th Mikhail Chigorin Memorial"]
[Site "Sochi URS"]
[Date "1986.??.??"]
[Round "12"]
[White "Vaganian, Rafael"]
[Black "Tal, Mikhail"]
[WhiteElo "2600"]
[BlackElo "2600"]
[Result "1/2-1/2"]
[EventDate "1986.09.05"]
[PlyCount "33"]

1. d4 Nf6 2. Nf3 e6 3. c4 b6 4. g3 Ba6 5. b3 Bb4+ 6. Bd2 Be7 7. Nc3 O-O 8. e4 d5 9. cxd5 Bxf1 10. Kxf1 exd5 11. e5 Ne4 12. Kg2 Qd7 13. Re1 Nxc3 14. Bxc3 Nc6 15. Qd3 a5 16. Rac1 Nd8 17. a4 1/2-1/2

[Event "20th Mikhail Chigorin Memorial"]
[Site "Sochi URS"]
[Date "1986.??.??"]
[Round "13"]
[White "Garcia Gonzales, Guillermo"]
[Black "Ionescu, Constantin"]
[WhiteElo "2500"]
[BlackElo "2495"]
[Result "1/2-1/2"]
[EventDate "1986.09.05"]
[PlyCount "25"]

1. d4 d5 2. c4 c6 3. Nf3 Nf6 4. cxd5 cxd5 5. Nc3 Nc6 6. Bf4 Bf5 7. e3 e6 8. Ne5 Nd7 9. Nxd7 Qxd7 10. Bd3 Bxd3 11. Qxd3 Bd6 12. Bxd6 Qxd6 13. O-O 1/2-1/2

[Event "20th Mikhail Chigorin Memorial"]
[Site "Sochi URS"]
[Date "1986.??.??"]
[Round "13"]
[White "Razuvaev, Yuri"]
[Black "Smyslov, Vassily"]
[WhiteElo "2535"]
[BlackElo "2555"]
[Result "1/2-1/2"]
[EventDate "1986.09.05"]
[PlyCount "30"]

1. d4 d5 2. c4 c6 3. Nf3 Nf6 4. Nc3 e6 5. Bg5 Nbd7 6. e3 Qa5 7. Nd2 Bb4 8. Qc2 O-O 9. Be2 dxc4 10. Bxf6 Nxf6 11. Nxc4 Qc7 12. O-O Rd8 13. Rac1 Bd7 14. a3 Bf8 15. b4 Be8 1/2-1/2

[Event "20th Mikhail Chigorin Memorial"]
[Site "Sochi URS"]
[Date "1986.??.??"]
[Round "14"]
[White "Smyslov, Vassily"]
[Black "Garcia Gonzales, Guillermo"]
[WhiteElo "2555"]
[BlackElo "2500"]
[Result "1/2-1/2"]
[EventDate "1986.09.05"]
[PlyCount "43"]

1. d4 Nf6 2. Nf3 e6 3. c4 b6 4. Nc3 Bb4 5. Bd2 Bb7 6. e3 O-O 7. Bd3 Bxc3 8. Bxc3 Ne4 9. Bxe4 Bxe4 10. d5 exd5 11. cxd5 c5 12. dxc6 dxc6 13. Qa4 Qe8 14. O-O-O c5 15. Qxe8 Rxe8 16. Rd6 Na6 17. Ng5 Bf5 18. Rhd1 Nc7 19. a4 f6 20. Nf3 Be6 21. Kc2 Bf5+ 22. Kc1 1/2-1/2

[Event "20th Mikhail Chigorin Memorial"]
[Site "Sochi URS"]
[Date "1986.??.??"]
[Round "14"]
[White "Sveshnikov, Evgeny"]
[Black "Razuvaev, Yuri"]
[WhiteElo "2535"]
[BlackElo "2535"]
[Result "0-1"]
[EventDate "1986.09.05"]
[PlyCount "122"]

1. e4 e6 2. d4 d5 3. e5 c5 4. c3 Nc6 5. Nf3 Bd7 6. a3 f6 7. b4 c4 8. Bf4 Nh6 9. exf6 gxf6 10. g3 Nf7 11. Bg2 Bg7 12. Be3 Ne7 13. Nh4 Ng6 14. Qh5 Nxh4 15. Qxh4 O-O 16. Nd2 Nd6 17. O-O Be8 18. Qg4 Qd7 19. Bh6 Nf5 20. Bxg7 Nxg7 21. a4 Bg6 22. Rfe1 Kh8 23. Nf1 Bd3 24. Ne3 Qf7 25. Qd1 Rad8 26. Bf1 Bg6 27. Ra2 Nf5 28. Bh3 Nd6 29. f3 Bd3 30. Bf1 Bxf1 31. Rxf1 Rfe8 32. Re2 Re7 33. Rfe1 Rde8 34. Qd2 e5 35. dxe5 Rxe5 36. Ng4 Rxe2 37. Rxe2 Rxe2 38. Qxe2 d4 39. cxd4 c3 40. Qe3 c2 41. Kg2 Nf5 42. Qc3 Nxd4 43. Ne3 Qe6 44. g4 Kg7 45. b5 Qe5 46. Nxc2 Qe2+ 47. Kg3 Nxc2 48. Qc7+ Kg6 49. Qxb7 Qe1+ 50. Kh3 Qf1+ 51. Kg3 Qg1+ 52. Kh3 Ne3 53. Qe4+ Kh6 54. Qf4+ Kg6 55. Qe4+ Kh6 56. Qf4+ Kg7 57. g5 Qxg5 58. Qxg5+ fxg5 59. a5 Nc4 60. b6 Nxb6 61. axb6 axb6 0-1

[Event "20th Mikhail Chigorin Memorial"]
[Site "Sochi URS"]
[Date "1986.??.??"]
[Round "15"]
[White "Garcia Gonzales, Guillermo"]
[Black "Sveshnikov, Evgeny"]
[WhiteElo "2500"]
[BlackElo "2535"]
[Result "1/2-1/2"]
[EventDate "1986.09.05"]
[PlyCount "27"]

1. d4 d5 2. c4 e6 3. Nf3 Nf6 4. Nc3 c6 5. cxd5 exd5 6. Qc2 Bg4 7. Ne5 Nbd7 8. Nxg4 Nxg4 9. e4 dxe4 10. Qxe4+ Qe7 11. Qxe7+ Bxe7 12. Be2 Ngf6 13. Bf3 Nb6 14. O-O 1/2-1/2

[Event "20th Mikhail Chigorin Memorial"]
[Site "Sochi URS"]
[Date "1986.??.??"]
[Round "15"]
[White "Yakovich, Yuri"]
[Black "Ionescu, Constantin"]
[WhiteElo "2440"]
[BlackElo "2495"]
[Result "1/2-1/2"]
[EventDate "1986.09.05"]
[PlyCount "27"]

1. e4 c5 2. Nf3 e6 3. d4 cxd4 4. Nxd4 a6 5. Bd3 Nf6 6. O-O d6 7. c4 b6 8. Nc3 Bb7 9. Qe2 g6 10. Be3 Bg7 11. f3 O-O 12. Rfd1 Nbd7 13. Qf2 Rc8 14. Rac1 1/2-1/2